2. Frauen Bundesliga 25/26 - Statistiken

Allgemein
  • Dieses Quiz wurde 36 mal gespielt
  • Das Durchschnittsergebnis liegt bei 10 aus 14
Antwortstatistiken
Verein % Korrekt
Turbine Potsdam
94%
VfB Stuttgart
94%
Eintracht Frankfurt II
92%
VfL Wolfsburg II
92%
SC Sand
86%
Bayern München II
75%
FC Viktoria Berlin
72%
VfL Bochum
72%
1. FSV Mainz 05
69%
Borussia Mönchengladbach
64%
SV Meppen
64%
SG 99 Andernach
58%
FC Ingolstadt
56%
VfR Warbeyen
53%
Keine übereinstimmenden Quizze gefunden
Verteilung der Resultate
Anzahl Personen mit jedem Resultat
Perzentil nach korrekt beantworteten Fragen
Ihre Resultats-Entwicklung
Sie haben dieses Quiz noch nicht gespielt